000 01808cam a22004694i 4500
003 PE-LiUPU
005 20250731173330.0
008 150625s2003 sp rb 000 0 spa d
020 _a8430115056
035 _a(Sirsi) i9788430115051
040 _aPE-LiUPU
_bspa
_cPE-LiUPU
_erda
049 _aPRUA
082 0 4 _a225.6
_bF58
_221
100 1 _aFitzmyer, Joseph A.,
_eautor.
245 1 4 _aLos hechos de los apóstoles I :
_bTraducción, introducción y comentario (1, 1-8, 40) /
_cJoseph A. Fitzmyer.
264 1 _aSalamanca :
_bSígueme,
_c2003.
300 _a575 páginas :
_bilustraciones ;
_c22 centímetros.
336 _atext
_2rdacontent
337 _aunmediated
_2rdamedia
338 _avolume
_2rdacarrier
490 0 _aBibioteca de estudios bíblicos ;
_v112
504 _aincluye bibliografía al final de cada capítulo.
505 0 _aTraducción, comentario y notas: la primitiva comunidad cristiana (1,1-26). -La misión del testimonio en Jerusalén (2, 1-8,4). -La misión del testimonio en Judea y Samaria (8,5-40).
526 _aSEG42
526 _aSEG41
526 _aSEG40
526 _aSEG39
526 _aP94
526 _aP87
526 _aP86
526 _aP85
526 _aP77
526 _aP76
526 _aP35
630 _aBiblia.
_pN.T.
_pHechos
_xComentarios.
942 _2ddc
_cBOOK
949 _a225.6 F58 1
_wDEWEY
_c1
_i59240
_d2016-5-22
_e2016-5-19
_lCCODEBUL1
_mBUL
_n1
_r0
_sY
_tBOOK
_u2015-6-25
_xTEOLOGIA
_PP35
_0COMPRA
_o.STAFF. Colección Teología
994 _aC0
_bPEPRU
596 _a1
999 _a225.6 F58 1
_wDEWEY
_c48031
_i59240
_d48031
_e2016-5-19
_f2021-11-9
_g6
_lCCODEBUL1
_mBUL
_n1
_p28.00
_q3
_r0
_sY
_tBOOK
_u2015-6-25
_xTEOLOGIA
_PP35
_0COMPRA
_o.STAFF. Colección Teología
980 _81
_gALBERTO SANCHEZ Responsable de Automatización